Ninho en feat - Statistiques

Statistiques générales
  • Ce quiz a été pris 384 fois
  • Le résultat moyen est 17 sur 30
Statistiques - réponses
Projet Titre Artiste % Correct
MILS 1 Elle a mal Niska
93%
Destin Maman ne le sait pas Niska
93%
Comme prévu De l'autre côté Nekfeu
83%
MILS 4 Les diamants de Bokassa Tiakola
79%
NI Eurostar Central Cee
77%
Destin Jusqu'à minuit Jul
77%
Destin La Vivance Koba la D
77%
Comme prévu Laisse pas traîner ton fils Sofiane
72%
Destin Jamais Dadju
69%
MILS 3 Promo Damso
69%
MILS 4 Dictionnaires Freeze Corleone
62%
MILS 1 Crésus Leto
60%
Comme prévu Dita Hös
59%
Comme prévu Lové Gradur
56%
MILS 2 44 Yaro
56%
Destin A Kinshasa Fally Ipupa
55%
MILS 1 La Roma Sadek
50%
MILS 3 Le jeu Yaro
50%
MILS 3 Centre commercial Heuss l'enfoiré
49%
Comme prévu Ce soir Alonzo
48%
Destin Money Faouzia
48%
NI Blue story Lil Baby
46%
MILS 4 R9 Gaulois
42%
Destin Zéro paluche Tito
42%
NI No love Ayra Starr
39%
MILS 3 Every Day Griff
36%
MILS 4 R9 Kaneki
36%
MILS 2 Toutes options Blasko
35%
NI Bad Omah Lay
35%
MILS 3 Tu sais qu'on est gang Hös Copperfield
31%
Aucun quiz correspondant
Distribution des résultats
% des personnes avec chaque résultat
Percentile par nombre de réponses
Votre historique - résultats
Vous n’avez pas pris ce quiz